| 000 | 00439nam a2200181Ia 4500 | ||
|---|---|---|---|
| 003 | OSt | ||
| 005 | 20240312103732.0 | ||
| 008 | 210210b1920 xxu||||| |||| 00| 0 eng d | ||
| 040 | _cAL | ||
| 041 | _aeng | ||
| 082 | _a822/531 | ||
| 100 |
_aHAZLITT (W) _9153823 |
||
| 245 | _aSelected essays: Sampson Ed | ||
| 260 |
_aCambridge _bAt the University Press _c1920 |
||
| 690 |
_aEnglish Prose _9153828 |
||
| 906 | _a012717 | ||
| 942 |
_2ddc _cBK |
||
| 999 |
_c131530 _d131530 |
||